Mechanical behavior of high polymers.

Bibliographic Details
Main Author: Alfrey, Turner, 1918-
Format: Book
Language:English
Published: New York : Interscience Publishers, 1948.
Series:High polymers ; v. 6.
Subjects:

MARC

Tag First Indicator Second Indicator Subfields
LEADER 00000cam a2200000 4500
001 in00000094612
005 20150927110515.0
008 730302s1948 eng u
010 |a  48001493  
035 |a (OCoLC)00568242 
035 |9 AAL6482AM 
040 |c WSU  |d TXA  |d UtOrBLW 
049 |a TXAM  |c [459284] 
090 |a TP156.P6  |b A45 
100 1 |a Alfrey, Turner,  |d 1918- 
245 1 0 |a Mechanical behavior of high polymers. 
264 1 |a New York :  |b Interscience Publishers,  |c 1948. 
300 |a 581 pages 
336 |a text  |b txt  |2 rdacontent 
337 |a unmediated  |b n  |2 rdamedia 
338 |a volume  |b nc  |2 rdacarrier 
490 1 |a High polymers: a series of monographs on the chemistry, physics, and technology of high polymeric substances,  |v v. 6 
504 |a Includes bibliographies. 
650 0 |a Polymerization. 
650 0 |a Elasticity. 
650 0 |a Plasticity. 
650 0 |a Polymers. 
830 0 |a High polymers ;  |v v. 6. 
999 |a MARS 
999 f f |s cf3b8002-df37-3122-ad45-94e269bf2c3f  |i a206aabd-2aea-38e8-a1b0-e7616b08f2cf  |t 0 
952 f f |p ric  |a Texas A&M University  |b Rellis Campus  |c Joint Library Facility  |d Remote Storage  |t 0  |e TP156.P6 A45  |h Library of Congress classification  |i unmediated -- volume  |m A14805599467 
998 f f |a TP156.P6 A45  |t 0  |l Remote Storage